Представление документа в формате MARC21

Поле Инд. ПП Название Значение
Тип записи a
Библиографический уровень b
001 Контрольный номер RU/IS/BASE/202317507
005 Дата корректировки 20200526074518.3
008 Кодируемые данные 20060530
084 a Индекс другой классификации/Индекс ББК 60.561.38; 68.4(2Рос)
100 1_ a Автор Самойлов В. И.
q Полное имя Самойлов Виктор Иванович
245 a Заглавие Реформирование военной организации российского общества: функциональный подход
504 a Библиография Библиогр. ссылки
650 a Основная рубрика военное дело
a Основная рубрика вооруженные силы
a Основная рубрика политическая социология
a Основная рубрика социология
a Основная рубрика социология армии
653 a Ключевые слова военная организация
a Ключевые слова военная служба
a Ключевые слова военная социология
a Ключевые слова военно-промышленный комплекс (ВПК)
a Ключевые слова военные реформы
a Ключевые слова Вооруженные силы РФ
a Ключевые слова дедовщина
a Ключевые слова неуставные отношения
a Ключевые слова Россия
773 t Заглавие источника Вестник Московского университета. Серия 18, Социология и политология
d Дата издания источника 2006
g Прочая информация № 1. - С. 3 - 23
w Контрольный № источника RU/IS/BASE/199372887
901 t Тип документа b